00494nam a2200169Ia 450000500170000000800410001702000150005808200130007310000190008624500100010526000600011530000130017565000180018894200060020695200970021299900150030920241204235528.0240331s9999 xx 000 0 und d a955951380X bDESa891 aDe Silva, A.S. 0aMeena aColombobThe Associated Newspapers of Ceylon Ltd.c1987 a138 p ., aShort Stories cL 001040708LaWERCLbWERCLcSSCd2024-03-31l0o 891.48 DESp310r2024-03-31w2024-03-31yL c3370d3370